Artis,Perempuan Dan...
| Main Author: | |
|---|---|
| Format: | Book |
| Published: |
Kuala Lumpur :
Creative Enterprise Sdn.Bhd. ,
1996
|
| Series: | Novel humor
|
| Subjects: |
MARC
| LEADER | 00000cam a2200000 7i4500 | ||
|---|---|---|---|
| 001 | 0000007431 | ||
| 002 | 000007990 | ||
| 005 | .0 | ||
| 020 | |a 9838932866 | ||
| 090 | 0 | 0 | |a F |b MAT |
| 100 | 0 | |a Mat Romeo | |
| 245 | 1 | 0 | |a Artis,Perempuan Dan... |c Mat Romeo |
| 260 | |a Kuala Lumpur : |b Creative Enterprise Sdn.Bhd. , |c 1996 | ||
| 300 | |a 202p. ; |c 18cm. | ||
| 490 | 0 | |a Novel humor | |
| 650 | 0 | 0 | |a Malay fiction |
| 999 | |a 055406 |b BUKU |c PINJAMAN |e PERPUSTAKAAN KOMUNITI CAW KOTA DAMANSARA | ||